| Tag |
First Indicator |
Second Indicator |
Subfields |
| LEADER |
00000cam a2200000 a 4500 |
| 001 |
in00000088728 |
| 005 |
20151008065226.0 |
| 008 |
720823s1969 vaua b 00010 eng d |
| 035 |
|
|
|a (OCoLC)00387648
|
| 035 |
|
|
|9 AAK5576AM
|
| 040 |
|
|
|c OSU
|d m.c.
|d TXA
|d UtOrBLW
|
| 043 |
|
|
|a n-us---
|
| 049 |
|
|
|a TXAM
|c [1655509]
|
| 090 |
|
|
|a UB340
|b .L44
|
| 100 |
1 |
|
|a Levin, Stanley.
|
| 245 |
1 |
0 |
|a Handbook on volunteers in army community service /
|c by Stanley Levin, Noel T. Parisien, Daniel Thursz.
|
| 264 |
|
1 |
|a Alexandria, Va. :
|b Human Resources Research Organization,
|c 1969.
|
| 300 |
|
|
|a 121 pages :
|b illustrations ;
|c 23 cm.
|
| 336 |
|
|
|a text
|b txt
|2 rdacontent
|
| 337 |
|
|
|a unmediated
|b n
|2 rdamedia
|
| 338 |
|
|
|a volume
|b nc
|2 rdacarrier
|
| 500 |
|
|
|a "Prepared for the Department of the Army under HumRRO subcontract 2-005. Work unit COMSERVE: development of a manual for community service volunteers."
|
| 504 |
|
|
|a Bibliography: pages 120-121.
|
| 650 |
|
0 |
|a Military service, Voluntary.
|
| 651 |
|
0 |
|a United States
|x Militia
|x Handbooks, manuals, etc.
|
| 651 |
|
0 |
|a United States
|x Armed Forces
|x Recruiting, enlistment, etc.
|
| 700 |
1 |
|
|a Parisien, Noel T.
|
| 700 |
1 |
|
|a Thursz, Daniel.
|
| 999 |
|
|
|a MARS
|
| 999 |
f |
f |
|s 79f7aa89-55f9-3ac3-bb18-f39f1610954c
|i 3a5c5120-aea2-38fb-af14-52fa50b6d2c2
|t 0
|
| 952 |
f |
f |
|p ric
|a Texas A&M University
|b Rellis Campus
|c Joint Library Facility
|d Remote Storage
|t 0
|e UB340 .L44
|h Library of Congress classification
|i unmediated -- volume
|m A14806261091
|
| 998 |
f |
f |
|a UB340 .L44
|t 0
|l Remote Storage
|